Real Madrid 3 - 1 Liverpool (UCL 2018) - Statistiques

Statistiques générales
  • Ce quiz a été pris 152 fois
    45 depuis la dernière actualisation
  • Le résultat moyen est 25 sur 29
Statistiques - réponses
Poste Pays Joueur % Correct
Milieu défensif Casemiro
100%
Avant-centre Cristiano Ronaldo
100%
Ailier droit remplaçant (61') Gareth Bale
100%
Avant-centre (89') Karim Benzema
100%
Gardien de but Keylor Navas
100%
Milieu droit Luka Modrić
100%
Latéral gauche Marcelo
100%
Défenseur central Raphaël Varane
100%
Milieu gauche Toni Kroos
100%
Coach Zinédine Zidane
100%
Milieu offensif (61') Isco
97%
Latéral droit (37') Dani Carvajal
95%
Ailier gauche Sadio Mané
95%
Défenseur central Sergio Ramos
95%
Défenseur central Virgil van Dijk
95%
Latéral gauche Andrew Robertson
92%
Ailier droit (31') Mohamed Salah
92%
Latéral droit Trent Alexander-Arnold
92%
Coach Jürgen Klopp
87%
Avant-centre Roberto Firmino
87%
Milieu central Georginio Wijnaldum
82%
Milieu défensif Jordan Henderson
79%
Gardien de but Loris Karius
79%
Milieu central (83') James Milner
62%
Ailier droit remplaçant (89') Marco Asensio
62%
Défenseur central remplaçant (37') Nacho Fernández
62%
Défenseur central Dejan Lovren
51%
Milieu offensif remplaçant (31') Adam Lallana
33%
Milieu défensif remplaçant (83') Emre Can
33%
Aucun quiz correspondant
Distribution des résultats
% des personnes avec chaque résultat
Percentile par nombre de réponses
Votre historique - résultats
Vous n’avez pas pris ce quiz depuis la dernière actualisation